Mitologia cristiana : fiestas, ritos y mitos de la edad media /

Guardado en:
Autor Principal: Walter, Philippe
Formato: Libro
Publicado: Buenos Aires : Paidos, 2004
Series:Paidós Diagonales ; 8
Materias:
Etiquetas: Agregar Etiqueta
Sin Etiquetas, Sea el primero en etiquetar este registro!
LEADER 00696nam a22002295a 4500
001 EHU.bham027721
003 AR-BHAM
005 20110516114202.0
008 130507s2004##################000#0#####d
082 2 3 |a 230 
100 1 |a Walter, Philippe 
245 1 0 |a Mitologia cristiana :  |b fiestas, ritos y mitos de la edad media /  |c Philippe Walter 
260 |a Buenos Aires :  |b Paidos,  |c 2004 
300 |a 204 p. 
490 0 |a Paidós Diagonales ; 8 
500 |a Trad. por Alcira Bixio 
653 |a Mitologia 
653 |a Cristianismo 
653 |a Cristianismo-historia del 
653 |a Edad media-religion-santos 
653 |a Carnaval 
859 |a AR-BHAM  |b BIB. HUMANIDADES - General  |h 230  |i W168  |p 1545.04  |t Ej.1